00572 2200217 4500001002100000005001700021008004100038035002400079082000800103090001500111100001600126245004500142260002800187300002600215500005200241650001400293850001500307980001100322985000600333999001500339YOGYA-0209000000646420090227020911.0 ind  0010-020900000006464 a311 a311bSup.S aSUPRANTO, J aStatistik Teori dan AplikasicJ.Suprapto aJakartabErlanggac1979 a...jilidbilusc21 cm aYang diterima : jil. 2 Bibliografi hlm. 392-394 aStatistik aYOPDYOG(B) a120705 a1 aP000015394